部門績效考核的量化管理 (Record no. 808)
[ view plain ]
| 000 -記錄標示 | |
|---|---|
| fixed length control field | 00313nam a2200121Ia 4500 |
| 008 - 定長欄資料代碼 | |
| fixed length control field | 180130s9999||||xx |||||||||||||| ||und|| |
| 020 ## - 國際標準書號 | |
| 國際標準書號 | 978-986-369-040-5 |
| 100 ## - 主要款目--主要著者 | |
| 個人姓名 | 秦建成 |
| 245 #0 - 題名及著者敘述項 | |
| 著者敍述 | 秦建成 |
| 正題名 | 部門績效考核的量化管理 |
| 250 ## - 版本項 | |
| 版本敍述 | 增訂六版 |
| 260 ## - 出版項 | |
| 出版年 | 2016 |
| 出版地 | 台北市 |
| 300 ## - 稽核項 | |
| 高廣尺寸 | cm. |
| 數量(面數, 冊數或其他) | p. |
| 942 ## - 附加款目元素 (KOHA) | |
| 分類法來源 | 中文圖書分類法 |
| Koha 館藏類型 | 一般圖書 |
| 撤銷狀態 | 遺失狀態 | 分類號來源 | 損壞狀態 | 不外借 | 永久館藏地 | 現在館藏地 | 採購日期 | 全部借出 | 全部續借 | 完整索書號 | 條碼號 | 最後一次日期記錄 | Date last checked out | 一般價格有效日期 | Koha館藏類型 | 公開資訊 |
|---|---|---|---|---|---|---|---|---|---|---|---|---|---|---|---|---|
| 未註銷館藏 | 未遺失 | 中文圖書分類法 | 未損毀 | 可外借 | 怡仁綜合醫院圖書館 | 怡仁綜合醫院圖書館 | 2018-01-30 | 1 | 1 | 494 | C02261 | 2018-05-28 | 2018-05-08 | 2018-01-30 | 一般圖書 | 績效考核有兩個重點,「員工只做你所考核的」,你想要什麼,就必須考核什麼,這是績效考核的第一個重點。而績效考核一直以來被認為是困擾企業發展的第一大難題,要解決這個難題,最好的辦法莫過於將「考核指標量化管理」,這是績效考核的第二個重點。 |